000 00464nam a2200181Ia 4500
008 240925s9999 xx 000 0 und d
020 _a1854970941
082 _a427 TOM
100 _aTomalin, Barry
245 0 _aFollow Me: book 4 Programmes 46-60
250 _a2nd
260 _aLondon:
_bBBC Books
_c,1994.
300 _axxx,566p.
_bNA
_fPirated
500 _aNA
600 _aHumanities & Natural Science
650 _aEnglish and Old English
942 _cBK
999 _c6693
_d6693